000 00752nam a2200205Ia 4500
001 8775
003 GE_BSU
008 181216s||||||||xx |||||||||||||| ||und||
040 _cGE_BSU
100 _aიოსელიანი,იაროსლავ
245 _aცეცხლი ოკეანეში
245 _cთარგმ.რუს.ო.იოსელიანმა და დ.თევზაძემ. რედ:დ.ჯაბუა;მხატვ:ჯ.ყაველაშვილი.
260 _aთბილისი.
260 _bნაკადული.
260 _c1961.
300 _a427გვ; 20სმ
300 _b1ფ. პორტრ.
653 _aცეცხლი ოკეანეში
942 _cBK
999 _c42085
_d42085